00313nam a2200109Ia 4500008004100000245007900041260003500120260000900155300001000164500001300174650001600187170224s9999 xx 000 0 und d 4aThe real mental illnesses: Susan Nolen-Hoeksema (1959–2013) in memoriam. bJournal of Abnormal Psychology c2014 a123:1 aFebruary xPsychology.